LEADER 01203nam a2200289 4500 001 000000348943 003 CaOOAMICUS 005 20211215122824.0 008 211215s2005 it a 000 u ita r 020 $a88-88039-60-0 040 $aSeMil$bita 100 1 $aBernardo, Antonio.$0(OLS)http://semarc/name/31695 245 10$aFatima & Santiago :$bdue Santuari, due grandi mete di pellegrinaggi /$cAntonio Bernardo. 250 $a1. rist 264 1$aRoma :$bIl Calamo,$c2005. 300 $a158 p. :$bill. ;$c24 cm 541 0 $aOmaggio card. Angelo Scola 650 4$aMadonna - Apparizioni - Fatima.$0(OLS)http://semarc/subject/900 650 4$aSantiago di Compostela - Pellegrinaggi.$0(OLS)http://semarc/subject/16419 850 $aSeMil 852 $aSeMil$W1$xVenegono$y1$m2L III 300$j230577$B240021$CSeMilBibl$Z2$F240021 $81 941 1 $a6 961 $aOmaggio card. Angelo Scola 996 $6020$a88-88039-60-0$9(OLS)http://semarc/number/294900 996 $6245$aFatima & Santiago :$bdue Santuari, due grandi mete di pellegrinaggi$9(OLS)http://semarc/title/438429 996 $6264$aRoma :$bIl Calamo$9(OLS)http://semarc/publisher/33764 LEADER 00504naa a2200145 i 4500 001 000000301846 003 CaOOAMICUS 005 20180831172730.0 008 180831n xx u000 u und u 013 $a9580 040 $aSeMil$bita 100 1 $aCaiazzo, Sabatino .$0(OLS)http://semarc/name/90743 245 10$aDio rivelante e ragione umana in Emil Brunner. 773 0 $t[1].$kAloisiana : studi di scienze sacre$w()35778 996 $6245$aDio rivelante e ragione umana in Emil Brunner$9(OLS)http://semarc/title/377833